The Art of Theatre Then and Now (Record no. 2761)
[ view plain ]
| 000 -LEADER | |
|---|---|
| fixed length control field | 00339nam a22001337a 4500 |
| 008 - FIXED-LENGTH DATA ELEMENTS--GENERAL INFORMATION | |
| fixed length control field | 250327b |||||||| |||| 00| 0 eng d |
| 020 ## - INTERNATIONAL STANDARD BOOK NUMBER | |
| ISBN | 9781111348304 |
| 100 ## - MAIN ENTRY--AUTHOR | |
| Author | DOWNS Missouri Willian |
| 245 ## - TITLE STATEMENT | |
| Title | The Art of Theatre Then and Now |
| 260 ## - PUBLICATION, DISTRIBUTION, ETC. (IMPRINT) | |
| Place of publication | Australia |
| Name of publisher | Cengage |
| Date of publication | 2013 |
| 300 ## - COLLATION | |
| Pagination | xxi, 471p. |
| 942 ## - ADDED ENTRY ELEMENTS (KOHA) | |
| Item type | Books |
| 050 ## - LIBRARY OF CONGRESS CALL NUMBER | |
| Classification number | PN2037 |
| Item number | .D69 |
| Source of classification or shelving scheme | Not for loan | Permanent location | Current location | Date acquired | Accession No. | Full call number | Barcode. | Koha item type |
|---|---|---|---|---|---|---|---|---|
| Library of Congress Classification | Samuel Ogbemudia Main Library, University of Abuja | Samuel Ogbemudia Main Library, University of Abuja | 03/27/2025 | 2019/54430 | PN2037.D69 | 2025-1062 | Books |